000 00578nam a22001697a 4500
999 _c14464
_d14464
008 190925b ||||| |||| 00| 0 eng d
020 _a9781680947502
082 _22018
_aDC 571.6
_bT343
100 _aEdited by 3G E-learning, LLC, USA
_939941
245 _aTheory, practice and techniques in cell biology/
_cedited by 3G E-learning LLC, USA
260 _aNew York:
_b3G E-learning LLC,
_cc2018.
300 _avi, 282 pages:
_billustrations;
_c23 cm.
500 _aInclude index.
650 _aCells.
_939945
650 _aCell Physiological Phenomena.
_939946
942 _2ddc
_cDC